| Tag |
First Indicator |
Second Indicator |
Subfields |
| LEADER |
00000cam a2200000 4500 |
| 001 |
in00000038346 |
| 005 |
20151007081003.0 |
| 008 |
731207s1965 eng u |
| 010 |
|
|
|a 65003784
|
| 035 |
|
|
|a (OCoLC)00756880
|
| 035 |
|
|
|9 AAF5698AM
|
| 040 |
|
|
|c RIU
|d TXA
|d UtOrBLW
|
| 049 |
|
|
|a TXAM
|c [464798]
|
| 050 |
|
0 |
|a BX2281.2
|b .C3
|
| 082 |
0 |
|
|a 265.660942
|
| 092 |
|
|
|a 265.66
|b C182p
|
| 100 |
1 |
|
|a Cameron, Kenneth Walter,
|d 1908-2006.
|
| 245 |
1 |
4 |
|a The pardoner and his pardons ;
|b indulgences circulating in England on the eve of the Reformation /
|c With a historical introduction.
|
| 264 |
|
1 |
|a Hartford :
|b Transcendental Books,
|c [1965]
|
| 300 |
|
|
|a 80 :
|b illustrations, portrait ;
|c 29cm.
|
| 336 |
|
|
|a text
|b txt
|2 rdacontent
|
| 337 |
|
|
|a unmediated
|b n
|2 rdamedia
|
| 338 |
|
|
|a volume
|b nc
|2 rdacarrier
|
| 504 |
|
|
|a Bibliographical footnotes.
|
| 650 |
|
0 |
|a Indulgences
|x History.
|
| 999 |
|
|
|a MARS
|
| 999 |
f |
f |
|s 3e102cc0-f906-3433-aac1-9e03bf94a949
|i 65fb9690-9def-34b8-afc9-b0c9fffe677f
|t 0
|
| 952 |
f |
f |
|p normal
|a Texas A&M University
|b College Station
|c Sterling C. Evans Library
|d Evans: Library Stacks
|t 0
|e BX2281.2 .C3
|h Library of Congress classification
|i unmediated -- volume
|m A14800616492
|
| 998 |
f |
f |
|a BX2281.2 .C3
|t 0
|l Evans: Library Stacks
|